[Event "Ch (Men) Svilengrad BUL"]
[Site "?"]
[Date "2006.03.08"]
[Round "11"]
[White "Karakehajov Kalin"]
[Black "Radulski Julian"]
[Result "0-1"]
[WhiteElo "2429"]
[BlackElo "2515"]
[PlyCount "98"]
[EventDate "2006.??.??"]
[Source "www.chesslib.no"]
[SourceDate "2004.05.04"]

1. e4 e5 2. Nf3 Nc6 3. Bc4 Nf6 4. Ng5 d5 5. exd5 Nb4 6. d4 Bg4 7. Be2 Bf5 8. O-O Nfxd5 9. Na3 Be7 10. Nf3 e4 11. Ne5 f6 12. Nec4 O-O 13. c3 Nd3 14. Nc2 Nxc1 15. Rxc1 Be6 16. f3 exf3 17. Rxf3 f5 18. Bd3 Bg5 19. Qe2 Re8 20. Rcf1 g6 21. Ne5 c6 22. Qf2 Nf6 23. Ne3 Nd7 24. N3c4 Nxe5 25. Nxe5 c5 26. Bb5 Re7 27. h4 Bf6 28. h5 cxd4 29. cxd4 Qb6 30. Bc4 Bxc4 31. Nxc4 Qxd4 32. Qxd4 Bxd4+ 33. Kh1 b5 34. Rd1 Bc5 35. Na5 Rae8 36. a3 Re1+ 37. Rf1 Rxf1+ 38. Rxf1 Re2 39. b4 Bb6 40. Rd1 Re4 41. Kh2 Bc7+ 42. g3 Re2+ 43. Kh3 g5 44. h6 Kf7 45. Nc6 Kg6 46. Rh1 g4+ 47. Kh4 Bd6 48. a4 bxa4 49. b5 a3 0-1

[Event "Nationale I Jeune, Clichy"]
[Site "Clichy"]
[Date "1998.??.??"]
[Round "?"]
[White "Pays, Jorma"]
[Black "Delivre, Raphael"]
[Result "1/2-1/2"]
[WhiteElo "2520"]
[BlackElo "2380"]
[PlyCount "116"]
[EventDate "1998.??.??"]
[Source "www.chesslib.no"]
[SourceDate "2004.05.04"]

1. e4 e5 2. Nf3 Nc6 3. Bc4 Nf6 4. Ng5 d5 5. exd5 Nxd5 6. Qf3 Qxg5 7. Bxd5 Qf4 8. Qxf4 exf4 9. O-O Bd6 10. Re1+ Ne5 11. d4 Bb4 12. Rxe5+ Be7 13. Bxf4 c6 14. Bc4 Kf8 15. Nc3 Bd6 16. Re4 Bxf4 17. Rxf4 f6 18. Re1 b5 19. Rfe4 Bd7 20. Be6 Bxe6 21. Rxe6 Kf7 22. Rxc6 Rhe8 23. Rd1 Re7 24. h3 Re6 25. Rc7+ Re7 26. Nd5 Rxc7 27. Nxc7 Rc8 28. Nxb5 Rxc2 29. Nxa7 Rxb2 30. a3 Rb7 31. Nc6 Rc7 32. Rc1 Ke6 33. Re1+ Kd6 34. Nb4 Rc4 35. Rd1 Rc3 36. a4 Ra3 37. Rc1 Rxa4 38. Rc6+ Ke7 39. Nd5+ Kf7 40. Rc7+ Ke6 41. Nf4+ Kf5 42. Nh5 g6 43. Ng7+ Ke4 44. Rd7 Rxd4 45. Rxd4+ Kxd4 46. Ne6+ Ke5 47. Nc5 Kd5 48. Nd3 g5 49. Kh2 f5 50. Kg3 f4+ 51. Kg4 h6 52. h4 gxh4 53. Kxh4 Ke4 54. Nxf4 Kxf4 55. g4 Kf3 56. Kh5 Kf4 57. f3 Kxf3 58. Kxh6 Kxg4 1/2-1/2

[Event "Hoogovens-B"]
[Site "Wijk aan Zee"]
[Date "1981.??.??"]
[Round "2"]
[White "Van der Wiel, John TH"]
[Black "Faase, Rob"]
[Result "1-0"]
[WhiteElo "2465"]
[BlackElo "2360"]
[PlyCount "43"]
[EventDate "1981.01.??"]
[Source "ChessBase"]

1. e4 Nc6 2. Nf3 e5 3. Bc4 Nf6 4. Ng5 d5 5. exd5 Nd4 6. c3 b5 7. Bf1 Nxd5 8. cxd4 Qxg5 9. Bxb5+ Kd8 10. Qf3 Bb7 11. O-O exd4 12. Re1 Bd6 13. d3 Bf4 14. Nd2 Rb8 15. Ne4 Qh6 16. g3 g5 17. Bc4 Nf6 18. gxf4 g4 19. Qg3 Re8 20. f5 Qg7 21. Qh4 Kc8 22. Bh6 1-0

[Event "Bratto opB 5th"]
[Site "?"]
[Date "1999.??.??"]
[Round "3"]
[White "De Wit Johannes S"]
[Black "Soylu Suat"]
[Result "1-0"]
[WhiteElo "2410"]
[BlackElo "2338"]
[PlyCount "35"]
[EventDate "1999.??.??"]
[Source "www.chesslib.no"]
[SourceDate "2004.05.04"]

1. e4 e5 2. Nf3 Nc6 3. Bc4 Nf6 4. Ng5 h6 5. Nxf7 Qe7 6. Nxh8 d6 7. O-O Bd7 8. Nc3 a6 9. Ng6 Qf7 10. Bxf7+ Kxf7 11. Nh4 Be6 12. f4 exf4 13. Rxf4 g5 14. Qh5+ Ke7 15. Ng6+ Kd7 16. Rxf6 Re8 17. Nxf8+ Kc8 18. Qxe8+ 1-0

[Event "Sunny Beach"]
[Site "?"]
[Date "2006.09.07"]
[Round "6.2"]
[White "Karakehajov Kalin"]
[Black "Dimitrov Pavel"]
[Result "0-1"]
[WhiteElo "2451"]
[BlackElo "2293"]
[PlyCount "112"]
[EventDate "2006.??.??"]
[Source "www.chesslib.no"]
[SourceDate "2004.05.04"]

1. e4 e5 2. Nf3 Nc6 3. Bc4 Nf6 4. Ng5 d5 5. exd5 Nb4 6. d6 Nfd5 7. d4 Qxd6 8. c3 Nc6 9. O-O Be6 10. Nxe6 fxe6 11. dxe5 Nxe5 12. Bxd5 exd5 13. Bf4 O-O-O 14. Qh5 g5 15. Qxg5 Re8 16. Nd2 Qg6 17. Rfe1 Bg7 18. Qxg6 Nxg6 19. Be3 Nh4 20. Bd4 Bxd4 21. cxd4 Reg8 22. g3 Rg4 23. Rad1 Rf8 24. Kf1 Nf5 25. Nb3 h5 26. Rd3 h4 27. f3 Rg6 28. g4 Ng7 29. h3 Rgf6 30. Kg2 Ne6 31. Rde3 Nf4+ 32. Kh2 b6 33. Nc1 Kd7 34. Re5 Rc6 35. Re7+ Kd8 36. Rh7 Rc2+ 37. Kh1 Nxh3 38. Nd3 Ng5 39. Rxh4 Nxf3 40. Rf1 Nxh4 41. Rxf8+ Ke7 42. Rf1 Rd2 43. Ne5 Ke6 44. Re1 Kf6 45. Rc1 Rxd4 46. Nd7+ Kg5 47. Rxc7 Rd2 48. Kg1 Kf4 49. Kf1 d4 50. Nf6 Nf3 51. Rf7 Rxb2 52. Rxa7 d3 53. Rd7 d2 54. Ke2 Rb1 55. Nd5+ Kg3 56. Ne3 Re1+ 0-1

[Event "Verbandsliga Nord Baden 0001"]
[Site "?"]
[Date "2000.10.15"]
[Round "2.3"]
[White "Neumann Andreas"]
[Black "Mueller Rudolf"]
[Result "0-1"]
[WhiteElo "2210"]
[BlackElo "2295"]
[PlyCount "56"]
[EventDate "2000.??.??"]
[Source "www.chesslib.no"]
[SourceDate "2004.05.04"]

1. e4 e5 2. Bc4 Nc6 3. Nf3 Nf6 4. Ng5 d5 5. exd5 b5 6. Bf1 Qxd5 7. Nc3 Qc5 8. Bxb5 Bb7 9. O-O h6 10. d4 exd4 11. Qe2+ Be7 12. Nce4 Nxe4 13. Nxe4 Qe5 14. f4 Qd5 15. c4 Qf5 16. g4 d3 17. gxf5 dxe2 18. Re1 O-O-O 19. Bxc6 Bxc6 20. Rxe2 Rd1+ 21. Kg2 Re8 22. Kh3 h5 23. Nf2 Rg1 24. Nd3 Bf3 25. Rxe7 Rxe7 26. Ne5 Bg4+ 27. Nxg4 hxg4+ 28. Kh4 Ree1 0-1

[Event "BL2-Ost 9900"]
[Site "Germany"]
[Date "1999.10.10"]
[Round "1.5"]
[White "Effmert, Thomas"]
[Black "Schunk, Eduard"]
[Result "0-1"]
[WhiteElo "2225"]
[BlackElo "2260"]
[PlyCount "45"]
[EventDate "1999.10.??"]
[Source "ChessBase"]
[SourceDate "2000.03.10"]

1. e4 e5 2. Bc4 Nc6 3. Nf3 Nf6 4. Ng5 d5 5. exd5 Nd4 6. c3 b5 7. Bf1 Nxd5 8. h4 Nc6 9. Bxb5 Bb7 10. d4 exd4 11. O-O Be7 12. Qxd4 O-O 13. Qa4 Qd6 14. Rd1 Bxg5 15. Bxg5 Qe6 16. Nd2 a6 17. Bd3 Ne5 18. Re1 h6 19. Bf4 Nxf4 20. Bf1 Qg4 21. Qd4 Bxg2 22. Qxf4 Qxf4 23. Bxg2 0-1

[Event "London Classic-B"]
[Site "London,Canada"]
[Date "1995.??.??"]
[Round "?"]
[White "Finkenzeller, Arnold"]
[Black "Sengupta, O."]
[Result "1-0"]
[WhiteElo "2270"]
[BlackElo "2145"]
[PlyCount "33"]
[EventDate "1995.??.??"]
[Source "www.chesslib.no"]
[SourceDate "2004.05.04"]

1. e4 e5 2. Nf3 Nc6 3. Bc4 Nf6 4. Ng5 d5 5. exd5 Nxd5 6. Qf3 Qxg5 7. Bxd5 Be6 8. Bxc6+ bxc6 9. Qxc6+ Ke7 10. Qxa8 Kd7 11. O-O Bh3 12. Qd5+ Ke7 13. d3 Qg6 14. Qxe5+ Kd8 15. Qd5+ Bd6 16. Nc3 Re8 17. Qg5+ 1-0

[Event "Seefeld op 9th"]
[Site "Seefeld"]
[Date "1998.??.??"]
[Round "2"]
[White "Luett, Michael"]
[Black "Lawitsch, Guenther"]
[Result "0-1"]
[WhiteElo "2125"]
[BlackElo "2275"]
[PlyCount "78"]
[EventDate "1998.??.??"]
[Source "www.chesslib.no"]
[SourceDate "2004.05.04"]

1. e4 e5 2. Nf3 Nf6 3. Bc4 Nc6 4. Ng5 d5 5. exd5 b5 6. Bxb5 Qxd5 7. Bf1 Nd4 8. c3 Ne6 9. Qa4+ c6 10. Nxe6 Bxe6 11. d4 exd4 12. cxd4 Rb8 13. Nc3 Bb4 14. Qxb4 Rxb4 15. Nxd5 Nxd5 16. Be2 Rxd4 17. O-O Bg4 18. Bxg4 Rxg4 19. Re1+ Kd7 20. Be3 Ra4 21. b3 Ra6 22. Bc5 Re8 23. Rxe8 Kxe8 24. Re1+ Kd7 25. Re2 Ra5 26. b4 Ra4 27. Kf1 Kd8 28. Rd2 a6 29. Ke1 f6 30. Kd1 Ke8 31. Kc1 Nxb4 32. Rd6 Nd3+ 33. Rxd3 Rc4+ 34. Kb2 Rxc5 35. Re3+ Re5 36. Rc3 Re2+ 37. Kb3 Rxf2 38. Rxc6 Rxg2 39. Rxa6 Rxh2 0-1

[Event "Kallithea-ch U18"]
[Site "?"]
[Date "1979.??.??"]
[Round "10"]
[White "Grivas Efstratios"]
[Black "Soilemezis An"]
[Result "0-1"]
[WhiteElo "2200"]
[BlackElo "2200"]
[PlyCount "58"]
[EventDate "1979.??.??"]
[Source "www.chesslib.no"]
[SourceDate "2004.05.04"]

1. e4 e5 2. Nf3 Nc6 3. Bc4 Nf6 4. Ng5 d5 5. Bb3 h6 6. exd5 Nxd5 7. Nf3 Be6 8. Qe2 Bd6 9. Nc3 Nf4 10. Qf1 Bxb3 11. axb3 Nb4 12. Kd1 O-O 13. d4 exd4 14. Nxd4 Be5 15. Ra4 Qxd4+ 16. Bd2 Rad8 17. Qe1 Rfe8 18. Kc1 Nfd3+ 19. cxd3 Nxd3+ 20. Kd1 Nxb2+ 21. Kc1 Nxa4 22. Be3 Qxc3+ 23. Qxc3 Nxc3 24. Kc2 Rd6 25. f4 Bf6 26. Bc5 Re2+ 27. Kc1 Rd5 28. Bxa7 Ra5 29. Bb8 Ra1# 0-1

[Event "Torneio da Nazare-1"]
[Site "Nazare"]
[Date "2001.??.??"]
[Round "3.6"]
[White "Bray, Isa"]
[Black "Vinagre, Armenio"]
[Result "1-0"]
[WhiteElo "1785"]
[BlackElo "2500"]
[PlyCount "90"]
[EventDate "2001.02.22"]
[Source "www.chesslib.no"]
[SourceDate "2004.05.04"]

1. e4 e5 2. Nf3 Nc6 3. Bc4 Nf6 4. Ng5 d5 5. exd5 Nxd5 6. Qf3 Be6 7. Nxe6 fxe6 8. d3 Qd6 9. Nc3 O-O-O 10. O-O a6 11. Qg4 Kb8 12. Ne4 Qd7 13. Bd2 Nd4 14. c3 Nf5 15. b4 Nf6 16. Qe2 Nd5 17. Rab1 Nb6 18. b5 a5 19. Rbd1 Bd6 20. Be3 Nd5 21. Bd2 h6 22. Bb3 b6 23. a4 Rhf8 24. f3 Nf4 25. Bxf4 exf4 26. Nxd6 Qxd6 27. Qxe6 Qc5+ 28. d4 Qxc3 29. Rfe1 Qe3+ 30. Qxe3 Nxe3 31. Rd3 g5 32. Kf2 Rd6 33. g3 Rfd8 34. gxf4 gxf4 35. d5 Nxd5 36. Bxd5 Rxd5 37. Rxd5 Rxd5 38. Re4 Rf5 39. Kg2 h5 40. Kh3 Kc8 41. Rd4 Kb7 42. Kh4 c6 43. Rd7+ Kc8 44. bxc6 Rc5 45. Rd4 Rxc6 1-0

[Event "Regensburg op"]
[Site "?"]
[Date "1998.??.??"]
[Round "3"]
[White "Appel Helmut"]
[Black "Riediger Martin"]
[Result "0-1"]
[WhiteElo "2035"]
[BlackElo "2240"]
[PlyCount "56"]
[EventDate "1998.??.??"]
[Source "www.chesslib.no"]
[SourceDate "2004.05.04"]

1. e4 e5 2. Bc4 Nf6 3. Nf3 Nc6 4. Ng5 d5 5. exd5 b5 6. Bxb5 Qxd5 7. Be2 Nd4 8. Nf3 Nxf3+ 9. Bxf3 e4 10. Nc3 Qd4 11. Qe2 Bf5 12. g4 Be7 13. gxf5 exf3 14. Qxf3 O-O 15. O-O Bd6 16. Ne2 Qc4 17. c3 Ng4 18. Ng3 Nxh2 19. Kxh2 Qxf1 20. d4 Rae8 21. Qg2 Qe1 22. Kh3 Bxg3 23. Kxg3 Re2 24. Kf3 Rc2 25. f6 g6 26. Qh2 Qe2+ 27. Kg3 h5 28. Be3 Qg4# 0-1

[Event "FENAG Expertos grupo A"]
[Site "Guatemala Ciudad"]
[Date "2000.03.06"]
[Round "3"]
[White "Toc, Noe R"]
[Black "Juarez Flores, Jorge G"]
[Result "0-1"]
[WhiteElo "2000"]
[BlackElo "2173"]
[PlyCount "60"]
[EventDate "2000.03.04"]
[Source "www.chesslib.no"]
[SourceDate "2004.05.04"]

1. e4 e5 2. Bc4 Nf6 3. Nf3 Nc6 4. Ng5 d5 5. exd5 b5 6. Be2 Nd4 7. O-O Bd6 8. c3 Nxe2+ 9. Qxe2 O-O 10. Ne4 Nxe4 11. Qxe4 f5 12. Qe2 Qh4 13. g3 Qh3 14. f4 exf4 15. gxf4 Rf6 16. d3 Rg6+ 17. Kh1 Bb7 18. c4 Kf7 19. Qf3 Qxf3+ 20. Rxf3 Re8 21. Bd2 Re2 22. Rg3 Rxg3 23. hxg3 bxc4 24. dxc4 c6 25. b4 cxd5 26. c5 Be7 27. a4 a5 28. Ra3 axb4 29. Rb3 Kf6 30. Kg1 Bxc5+ 0-1

[Event "Two Knights Defense Thematic (E), SEMI"]
[Site "?"]
[Date "1997.??.??"]
[Round "?"]
[White "Collins, C."]
[Black "Bradley, J."]
[Result "0-1"]
[WhiteElo "2290"]
[BlackElo "1880"]
[PlyCount "38"]
[EventDate "1997.??.??"]
[Source "www.chesslib.no"]
[SourceDate "2004.05.04"]

1. e4 e5 2. Nf3 Nc6 3. Bc4 Nf6 4. Ng5 d5 5. exd5 Nb4 6. d6 Nbd5 7. dxc7 Qxc7 8. Bxd5 Nxd5 9. Nf3 e4 10. Nd4 Qe5 11. Ne2 Bg4 12. d3 exd3 13. cxd3 Bb4+ 14. Kf1 O-O 15. f3 Rfe8 16. d4 Qf6 17. Kf2 Rac8 18. Qb3 Rxe2+ 19. Kxe2 Re8+ 0-1

[Event "Cannes"]
[Site "?"]
[Date "1997.??.??"]
[Round "3"]
[White "Nikolova Andriana"]
[Black "Cosovic Azra"]
[Result "1-0"]
[WhiteElo "2000"]
[BlackElo "2000"]
[PlyCount "25"]
[EventDate "1997.??.??"]
[Source "www.chesslib.no"]
[SourceDate "2004.05.04"]

1. e4 e5 2. Nf3 Nc6 3. Bc4 Nf6 4. Ng5 Rg8 5. Bxf7+ Ke7 6. Bxg8 Ke8 7. Bf7+ Ke7 8. Bb3 h6 9. Nf3 Nxe4 10. O-O Ke8 11. Nxe5 Nxe5 12. Qh5+ Ke7 13. Qxe5# 1-0

[Event "IBCA Wch blind 10th"]
[Site "?"]
[Date "2002.11.29"]
[Round "9"]
[White "Bidhend Hassanali"]
[Black "Sakic Milutin"]
[Result "1-0"]
[WhiteElo "1800"]
[BlackElo "2150"]
[PlyCount "101"]
[EventDate "2002.??.??"]
[Source "www.chesslib.no"]
[SourceDate "2004.05.04"]

1. e4 e5 2. Bc4 Nf6 3. Nf3 Nc6 4. Ng5 d5 5. exd5 Nd4 6. c3 Nf5 7. Qe2 Bd6 8. d4 O-O 9. dxe5 Bxe5 10. Qxe5 Re8 11. Ne6 fxe6 12. dxe6 Nd6 13. e7+ Nxc4 14. exd8=Q Nxe5 15. Qxe8+ Nxe8 16. O-O Bf5 17. Nd2 Nf6 18. f4 Nd3 19. Nf3 Re8 20. Ne5 Be4 21. h3 Nxe5 22. fxe5 Rxe5 23. c4 h5 24. Re1 Kf7 25. b3 Re6 26. Bb2 Nd7 27. Rad1 Nc5 28. Rd4 Bf5 29. Rxe6 Nxe6 30. Rd7+ Ke8 31. Rd5 g6 32. Be5 c6 33. Rd2 Ke7 34. c5 a6 35. Kf2 g5 36. Ke3 Bb1 37. b4 Ke8 38. Rb2 Bg6 39. Rf2 Bb1 40. a3 Ke7 41. Bd6+ Ke8 42. Rf6 Ba2 43. Rh6 h4 44. Rh7 Nf4 45. Bxf4 gxf4+ 46. Kxf4 Bd5 47. g4 hxg3 48. Kxg3 Bf7 49. h4 Ke7 50. Kf4 Kf6 51. Rh8 1-0

[Event "Corr"]
[Site "?"]
[Date "2002.06.20"]
[Round "?"]
[White "Turko Sergey"]
[Black "Foch Louis"]
[Result "1-0"]
[WhiteElo "2105"]
[BlackElo "1731"]
[PlyCount "121"]
[EventDate "2002.??.??"]
[Source "www.chesslib.no"]
[SourceDate "2004.05.04"]

1. e4 e5 2. Nf3 Nc6 3. Bc4 Nf6 4. Ng5 d5 5. exd5 Nb4 6. d6 Nbd5 7. dxc7 Qxc7 8. d3 Bc5 9. Qe2 O-O 10. Nxh7 Kxh7 11. Bxd5 Nxd5 12. Qe4+ Kg8 13. Qxd5 Be6 14. Qf3 Qa5+ 15. Nc3 Bd4 16. Bd2 Qb6 17. Rb1 f5 18. O-O e4 19. Qg3 exd3 20. cxd3 Qa6 21. Rfe1 Rad8 22. Rbd1 Bf7 23. Bg5 Rd7 24. Rd2 Rc8 25. Rc1 Rdc7 26. Bf4 Re7 27. h3 Rce8 28. Kh2 Qb6 29. b3 Re1 30. Na4 Qe6 31. Rdc2 Re2 32. Rxe2 Qxe2 33. Nc3 Qxf2 34. Nb5 Qxg3+ 35. Kxg3 Rd8 36. Nxd4 Rxd4 37. Rc3 Rd5 38. Be3 b6 39. Kf4 Be6 40. Kg5 Kf8 41. d4 Rd7 42. h4 Bd5 43. Kg6 Ke7 44. Bf4 Bxg2 45. Rc7 Rxc7 46. Bxc7 Ke6 47. Kxg7 Bf3 48. Kg6 Be4 49. Bf4 Bc6 50. d5+ Kxd5 51. Kf7 Ke4 52. h5 Kxf4 53. h6 Bd5+ 54. Kf8 Ke3 55. h7 f4 56. h8=Q f3 57. Qc3+ Ke4 58. Qe1+ Kd3 59. Ke7 Bb7 60. Kd6 Be4 61. Ke5 1-0

[Event "Bad Zwesten GER"]
[Site "?"]
[Date "2003.??.??"]
[Round "8"]
[White "Noble Fabian"]
[Black "Janusic Josip"]
[Result "1-0"]
[WhiteElo "2063"]
[BlackElo "1772"]
[PlyCount "77"]
[EventDate "2003.??.??"]
[Source "www.chesslib.no"]
[SourceDate "2004.05.04"]

1. e4 e5 2. Bc4 Nf6 3. Nf3 Nc6 4. Ng5 d5 5. exd5 Nxd5 6. d4 Be7 7. dxe5 Bxg5 8. Bxd5 O-O 9. f4 Bh6 10. O-O Qe7 11. Bxc6 bxc6 12. Qf3 Qc5+ 13. Qf2 Qb4 14. b3 Rd8 15. c4 Bf5 16. Bd2 Qb6 17. Be3 Qa5 18. Nd2 Rd3 19. Nf3 Be4 20. Rfd1 Rad8 21. Rxd3 Rxd3 22. Re1 Bxf3 23. gxf3 Qc3 24. Rc1 Qb4 25. Qe2 Rd8 26. Rd1 Qe7 27. Rxd8+ Qxd8 28. Qd2 Qh4 29. Bf2 Bxf4 30. Bxh4 Bxd2 31. Bd8 Ba5 32. Be7 h6 33. b4 Bb6+ 34. c5 Kh7 35. cxb6 cxb6 36. Kf2 Kg6 37. Ke3 Kf5 38. Bd6 Ke6 39. Bf8 1-0

[Event "HUN-chT2 0102"]
[Site "?"]
[Date "2001.09.30"]
[Round "1"]
[White "Szabo Peter"]
[Black "Horvath Tamas3"]
[Result "1-0"]
[WhiteElo "1666"]
[BlackElo "2068"]
[PlyCount "31"]
[EventDate "2001.??.??"]
[Source "www.chesslib.no"]
[SourceDate "2004.05.04"]

1. e4 e5 2. Nf3 Nc6 3. Bc4 Nf6 4. Ng5 d5 5. exd5 Nxd5 6. Qf3 Be6 7. Nxe6 fxe6 8. Nc3 Nxc3 9. dxc3 Qd6 10. Bg5 Be7 11. Rd1 Qc5 12. Bxe6 Rf8 13. Bd7+ Kd8 14. Bxc6+ Kc8 15. Bxb7+ Kb8 16. Bxe7 1-0

[Event "Paranaense Ch Absoluto"]
[Site "?"]
[Date "2000.09.07"]
[Round "1"]
[White "Kaniak Ulisses"]
[Black "Cordeiro Katty Anne"]
[Result "1-0"]
[WhiteElo "1916"]
[BlackElo "1790"]
[PlyCount "75"]
[EventDate "2000.??.??"]
[Source "www.chesslib.no"]
[SourceDate "2004.05.04"]

1. e4 e5 2. Bc4 Nf6 3. Nf3 Nc6 4. Ng5 d5 5. exd5 Nd4 6. d6 Qxd6 7. O-O Be6 8. Nxe6 Nxe6 9. Nc3 Rd8 10. Bxe6 Qxe6 11. Qe2 a6 12. Re1 Bd6 13. d3 O-O 14. Bg5 Rfe8 15. Qf3 c6 16. Re2 h6 17. Bh4 Rd7 18. Rae1 Nd5 19. d4 f6 20. Bg3 Nxc3 21. Qxc3 Qd5 22. dxe5 fxe5 23. Bxe5 Bxe5 24. Qb4 c5 25. Qg4 Rde7 26. Kf1 Qd6 27. c3 Bf6 28. Rxe7 Rxe7 29. Rd1 Qc7 30. Qg6 Rd7 31. Qe8+ Kh7 32. Rxd7 Qxh2 33. Qe4+ Kg8 34. Rxb7 Qh1+ 35. Ke2 Qh5+ 36. g4 Qg5 37. Rb8+ Bd8 38. Qe8+ 1-0

[Event "Gent Gran Ch"]
[Site "Gent Gran"]
[Date "1996.??.??"]
[Round "2"]
[White "Paredes Rubio, Nicolas"]
[Black "Guimera Vidal, Mateu"]
[Result "0-1"]
[WhiteElo "1910"]
[BlackElo "1785"]
[PlyCount "90"]
[EventDate "1996.??.??"]
[Source "www.chesslib.no"]
[SourceDate "2004.05.04"]

1. e4 e5 2. Bc4 Nc6 3. Nf3 Nf6 4. Ng5 d5 5. exd5 b5 6. Bxb5 Qxd5 7. Bxc6+ Qxc6 8. Qf3 e4 9. Qb3 Nd5 10. Nc3 Bb7 11. Nxd5 Qxd5 12. Qxd5 Bxd5 13. O-O f5 14. Re1 h6 15. Nh3 g5 16. d3 O-O-O 17. c4 Bc6 18. dxe4 Bb4 19. Rf1 Bxe4 20. Be3 Bd3 21. Rfc1 f4 22. a3 fxe3 23. axb4 e2 24. b3 Bc2 25. Re1 Rd1 26. f3 Bxb3 27. Kf2 Rhd8 28. Ng1 Rxa1 29. Rxe2 Ra2 30. c5 Rdd2 31. Ke3 Rxe2+ 32. Nxe2 Ra3 33. Ke4 Bc2+ 34. Ke5 Ba4 35. Kf6 Rd3 36. Kg6 Bd1 37. Ng3 Rd4 38. Kxh6 Rxb4 39. Kxg5 a5 40. h4 Rb2 41. h5 Rxg2 42. Kf4 a4 43. Nf5 a3 44. h6 a2 45. Ne7+ Kd7 0-1

[Event "It (Men) Copenhagen DEN"]
[Site "?"]
[Date "2005.07.20"]
[Round "6"]
[White "Nielsen Morten"]
[Black "Rasmussen Bent"]
[Result "1/2-1/2"]
[WhiteElo "2053"]
[BlackElo "1619"]
[PlyCount "115"]
[EventDate "2005.??.??"]
[Source "www.chesslib.no"]
[SourceDate "2004.05.04"]

1. e4 e5 2. Bc4 Nf6 3. Nf3 Nc6 4. Ng5 d5 5. exd5 b5 6. Bxb5 Qxd5 7. Nc3 Qxg2 8. Qf3 Qxf3 9. Nxf3 Bd7 10. O-O Bd6 11. Re1 O-O 12. Bxc6 Bxc6 13. Nxe5 Bxe5 14. Rxe5 Rfe8 15. d4 Ng4 16. Rxe8+ Rxe8 17. Bf4 Re7 18. h3 Nf6 19. Bg5 a6 20. d5 Bb7 21. f3 h6 22. Bxf6 gxf6 23. Kf2 Bc8 24. Ne4 Bxh3 25. Rg1+ Kf8 26. Nxf6 Re5 27. Rh1 Bf5 28. c4 Bc8 29. Re1 Rxe1 30. Kxe1 Bf5 31. Kd2 Bg6 32. b4 h5 33. Ke3 Ke7 34. Ng8+ Kd6 35. Kd4 h4 36. c5+ Kd7 37. Ke3 Bb1 38. a4 Ba2 39. Kd4 Bb1 40. Nf6+ Ke7 41. Ke5 h3 42. d6+ cxd6+ 43. cxd6+ Kd8 44. Ng4 Bd3 45. Kd5 Be2 46. Nh2 Kd7 47. Kc5 Bd1 48. a5 Be2 49. Kd5 Bb5 50. Ke4 Bc4 51. f4 Bb5 52. Ng4 Be2 53. Nh2 Bc4 54. Kd4 Bb5 55. Kd5 Bc6+ 56. Kc5 Bb5 57. Ng4 Be2 58. Ne5+ 1/2-1/2

[Event "Corr"]
[Site "?"]
[Date "1997.??.??"]
[Round "?"]
[White "Geuna Guiseppe"]
[Black "Madureira Joao"]
[Result "0-1"]
[WhiteElo "1780"]
[BlackElo "1800"]
[PlyCount "26"]
[EventDate "1997.??.??"]
[Source "www.chesslib.no"]
[SourceDate "2004.05.04"]

1. e4 e5 2. Nf3 Nc6 3. Bc4 Nf6 4. Ng5 d5 5. Nxf7 Kxf7 6. exd5 Na5 7. Qe2 Nxc4 8. Qxc4 Qxd5 9. Qxc7+ Bd7 10. Nc3 Qxg2 11. Rf1 Rc8 12. Qa5 Rc5 13. Qxa7 Bh3 0-1

[Event "Cearense-ch 69th"]
[Site "?"]
[Date "2000.09.24"]
[Round "2"]
[White "Samuel Francisco"]
[Black "Castro Vagner"]
[Result "1-0"]
[WhiteElo "1762"]
[BlackElo "1800"]
[PlyCount "115"]
[EventDate "2000.??.??"]
[Source "www.chesslib.no"]
[SourceDate "2004.05.04"]

1. e4 e5 2. Nf3 Nc6 3. Bc4 Nf6 4. Ng5 d5 5. exd5 Nxd5 6. Qf3 Be6 7. Nxe6 fxe6 8. Bb5 Qd7 9. Bxc6 Qxc6 10. Qh5+ g6 11. Qxe5 Rg8 12. O-O Bg7 13. Qe4 O-O-O 14. c4 Ne7 15. Qh4 Qd6 16. d3 Nf5 17. Qe4 Be5 18. g3 Rgf8 19. Na3 Nd4 20. f4 Bf6 21. Be3 a6 22. Rf2 Kb8 23. b4 Ne2+ 24. Rxe2 Bxa1 25. Nc2 Bf6 26. Bc5 Qd7 27. Bxf8 Rxf8 28. d4 Re8 29. d5 e5 30. c5 g5 31. fxg5 Bxg5 32. c6 bxc6 33. dxc6 Qd1+ 34. Kg2 Rf8 35. Re1 Qd2+ 36. Qe2 Qd5+ 37. Qe4 Qf7 38. Kh1 Bd2 39. Rd1 h5 40. Qd3 Bg5 41. Qe2 Qf3+ 42. Qxf3 Rxf3 43. Rd5 Bf6 44. b5 a5 45. Rc5 Bd8 46. Rxe5 Rf2 47. Rc5 h4 48. gxh4 Bxh4 49. Rc4 Be7 50. a4 Bd6 51. h4 Rh2+ 52. Kg1 Ka7 53. Ne3 Rh3 54. Nf5 Bf8 55. Kg2 Rd3 56. h5 Kb6 57. h6 Rd5 58. h7 1-0

[Event "Essen (04.03.-20.03)"]
[Site "?"]
[Date "2002.03.04"]
[Round "1"]
[White "Kotlar Alfred"]
[Black "Schmidt Peter"]
[Result "1-0"]
[WhiteElo "1932"]
[BlackElo "1616"]
[PlyCount "87"]
[EventDate "2002.??.??"]
[Source "www.chesslib.no"]
[SourceDate "2004.05.04"]

1. e4 e5 2. Nf3 Nc6 3. Bc4 Nf6 4. Ng5 d5 5. exd5 Nxd5 6. d3 f6 7. Ne4 Nb6 8. Bb3 Nd4 9. O-O Be6 10. Nbc3 Bd6 11. Be3 Bxb3 12. axb3 a6 13. f4 O-O 14. f5 Qe7 15. Ng3 Bc5 16. Re1 c6 17. b4 Bxb4 18. Bxd4 Bc5 19. Bxc5 Qxc5+ 20. Kh1 Rad8 21. Na4 Nxa4 22. Rxa4 Rf7 23. Rh4 Rd4 24. Rxd4 Qxd4 25. c3 Qf2 26. Re2 Qb6 27. Qg1 Qd8 28. Rd2 Rd7 29. Qe3 b6 30. Qe4 c5 31. Qc4+ Kf8 32. Qxa6 Qb8 33. Qb5 Ra7 34. Kg1 Qd8 35. Kf2 Ra5 36. Qc6 Ra7 37. Ne2 Rd7 38. Qe4 b5 39. d4 Rd5 40. b3 b4 41. c4 Rd7 42. Ra2 exd4 43. Nf4 Kg8 44. Ra8 1-0

[Event "Corr"]
[Site "?"]
[Date "2005.04.06"]
[Round "?"]
[White "Basson Heinrich"]
[Black "Cashon John J"]
[Result "0-1"]
[WhiteElo "1696"]
[BlackElo "1852"]
[PlyCount "46"]
[EventDate "2005.??.??"]
[Source "www.chesslib.no"]
[SourceDate "2004.05.04"]

1. e4 e5 2. Nf3 Nc6 3. Bc4 Nf6 4. Ng5 d5 5. exd5 Nxd5 6. Qh5 g6 7. Qf3 Qxg5 8. Bxd5 Nd4 9. Qxf7+ Kd8 10. Kd1 Bg4+ 11. f3 Bf5 12. g3 Bxc2+ 13. Ke1 c6 14. Kf2 Qe7 15. Re1 cxd5 16. Qxd5+ Qd6 17. Rxe5 Ba4 18. Na3 Bc6 19. Qxd6+ Bxd6 20. Re3 Rf8 21. Nc4 Bc5 22. b4 Nxf3 23. bxc5 Nxd2+ 0-1

[Event "Corr"]
[Site "?"]
[Date "2000.12.07"]
[Round "?"]
[White "Sanmartino Gianluca"]
[Black "Cashon John"]
[Result "1/2-1/2"]
[WhiteElo "1595"]
[BlackElo "1931"]
[PlyCount "102"]
[EventDate "2000.??.??"]
[Source "www.chesslib.no"]
[SourceDate "2004.05.04"]

1. e4 e5 2. Nf3 Nc6 3. Bc4 Nf6 4. Ng5 d5 5. exd5 Nb4 6. d6 Nbd5 7. dxc7 Qxc7 8. d3 Bc5 9. Ne4 Bg4 10. f3 Bd7 11. Nxc5 Qxc5 12. Qe2 O-O 13. Bd2 b5 14. Bxd5 Nxd5 15. Nc3 Rfc8 16. Nxd5 Qxd5 17. Bc3 a5 18. O-O f6 19. Rf2 b4 20. Be1 Qd4 21. c3 Qd6 22. Rd1 Re8 23. Qe4 f5 24. Qe3 Be6 25. b3 f4 26. Qd2 bxc3 27. Qxc3 a4 28. b4 Rac8 29. Qa1 Rcd8 30. Bc3 Bf5 31. d4 e4 32. fxe4 Bxe4 33. Rdf1 Qg6 34. Kh1 Rf8 35. Qb2 f3 36. g3 Bd3 37. Re1 Rfe8 38. Rxe8+ Rxe8 39. Qc1 Qc6 40. d5 Qxd5 41. h4 Qc4 42. Qd2 Rc8 43. Bb2 Qe4 44. Bc3 a3 45. Kh2 h5 46. b5 Bxb5 47. Bxg7 Kxg7 48. Qg5+ Kf8 49. Qh6+ Ke7 50. Qg5+ Kd6 51. Qxb5 Rc2 1/2-1/2

[Event "Chargers-Pawns"]
[Site "?"]
[Date "2001.04.16"]
[Round "?"]
[White "McCarthy, D."]
[Black "Fabijonas, R."]
[Result "1-0"]
[WhiteElo "1808"]
[BlackElo "1716"]
[PlyCount "55"]
[EventDate "2001.??.??"]
[Source "www.chesslib.no"]
[SourceDate "2004.05.04"]

1. e4 e5 2. Nf3 Nc6 3. Bc4 Nf6 4. Ng5 d5 5. exd5 Nxd5 6. Qf3 Be6 7. Nxe6 fxe6 8. O-O Be7 9. Nc3 Nd4 10. Qh5+ Kf8 11. Qxe5 Qd6 12. Qxd4 Bf6 13. Qe4 Re8 14. Nxd5 exd5 15. Qxd5 Qxd5 16. Bxd5 c6 17. Bf3 g6 18. d3 Kg7 19. c3 Re7 20. Bd2 Rhe8 21. Rfe1 Rd8 22. Rxe7+ Bxe7 23. d4 Bf6 24. b4 Rd7 25. Re1 a6 26. Bf4 Kf7 27. Bg4 Re7 28. Rxe7+ 1-0